000 00738nam a2200289Ia 4500
005 20260324125721.0
008 008 260324s9999 xx 000 0 eng d
020 _a9780203893616
037 _aEBOOK
040 _aCRL
040 _beng
040 _cCRL
041 _2eng
041 _aeng
084 _qCRL
100 _aJudith A. Tindall
_91179043
245 0 _aPeer Power, Book One
245 0 _bStrategies for the Professional Leader: Becoming an Effective Peer Helper and Conflict Mediator
260 _bTaylor and Francis
260 _c2008
365 _a
365 _b195
856 _uhttp://www.taylorfrancis.com/books/9780203893616
942 _cEBOOK
999 _c1774560
_d1774560